Loading...

Sarada: (ശാരദ) novel/ (നോവല്‍)

Bibliographic Details
Main Author: Chandu Menon, O (ചന്തുമേനോന്‍, ഒ)
Format: Printed Book
Published: Kottayam: Saahithyapravarthaka Sahakaranasangham, 2009.
Subjects:
LEADER 006420000a22001450004500
020 |a 9780000104014 
082 |a M A3 CHA/S  |b P9 
100 |a Chandu Menon, O (ചന്തുമേനോന്‍, ഒ)  |9 6195 
245 |a Sarada: (ശാരദ)  |b novel/ (നോവല്‍)  |c O Chandu Menon (ഒ ചന്തുമേനോന്‍) 
260 |a Kottayam:  |b Saahithyapravarthaka Sahakaranasangham,  |c 2009. 
300 |a 166p. 
650 |a Malayalam fiction.  |9 403 
942 |c BK 
999 |c 51594  |d 51594 
952 |0 0  |1 0  |4 0  |6 M_A3_CHAS_P9  |7 0  |8 MAL  |9 52326  |a MGUL  |b MGUL  |c GEN  |d 2013-07-16  |e Rs.100.00  |l 16  |m 4  |o M A3 CHA/S P9  |p 49506  |r 2019-09-18  |s 2019-08-04  |w 2013-07-16  |y BK